Online
Catalog

El misterio de Buster Keaton / (Record no. 24491)

MARC details
000 -CABECERA
campo de control de longitud fija 00606nam a2200205 a 4500
001 - NÚMERO DE CONTROL
campo de control 000024998
005 - FECHA Y HORA DE LA ÚLTIMA TRANSACCIÓN
campo de control 20200930023510.0
008 - DATOS DE LONGITUD FIJA--INFORMACIÓN GENERAL
campo de control de longitud fija 110208s1980 sp a r 000 0 fre d
020 ## - NÚMERO INTERNACIONAL ESTÁNDAR DEL LIBRO
Número Internacional Estándar del Libro 8472023834
040 ## - FUENTE DE LA CATALOGACIÓN
Centro catalogador/agencia de origen DO-SdBNP
Lengua de catalogación spa
Centro/agencia transcriptor BNPHU
082 ## - NÚMERO DE LA CLASIFICACIÓN DECIMAL DEWEY
Número de clasificación xxxxx
Número de documento/Ítem O12m
049 ## - FONDOS LOCALES (OCLC)
Fondos de biblioteca BNGR
100 1# - ENTRADA PRINCIPAL--NOMBRE DE PERSONA
Nombre de persona Obiols, Miguel
9 (RLIN) 51301
245 13 - MENCIÓN DE TÍTULO
Título El misterio de Buster Keaton /
Mención de responsabilidad, etc. Miguel Obiols ; ilustración Marta Balaguer.
260 ## - PUBLICACIÓN, DISTRIBUCIÓN, ETC.
Lugar de publicación, distribución, etc. Barcelona, España :
Nombre del editor, distribuidor, etc. L´Abadia de Montserrat,
Fecha de publicación, distribución, etc. 1980.
300 ## - DESCRIPCIÓN FÍSICA
Extensión 86 p. :.
490 1# - MENCIÓN DE SERIE
Mención de serie La xarxa ;
Designación de volumen o secuencia 29
700 1# - PUNTO DE ACCESO ADICIONAL--NOMBRE DE PERSONA
Nombre de persona Balaguer, Marta
9 (RLIN) 51302
830 #0 - PUNTO DE ACCESO ADICIONAL DE SERIE-TÍTULO UNIFORME
Título uniforme La xarxa ;
Número de parte o sección de la obra 29
9 (RLIN) 51303
Holdings
Estado de retiro Estado de pérdida Restricciones de uso No para préstamo Código de colección Localización permanente Ubicación/localización actual Ubicación en estantería Fecha de adquisición Número de inventario Total de préstamos Signatura topográfica completa Código de barras Fecha visto por última vez Precio válido a partir de Tipo de ítem Koha
        Monografías: Libros y Folletos General General En catalogación 08.02.2011 LF1   xxxxx O12m 24998-10 25.06.2020 25.06.2020 Préstamo en sala

Powered by Koha